Veränderungen in der Drogenszene: Rehabilitationsunwilligkeit und Therapieresistenz

Saved in:  
Bibliographic Details
Main Author: Thamm, Bernd Georg (Author)
Format: Print Article
Language:German
Published: 1977
In: Jugendwohl
Year: 1977, Issue: 10, Pages: 361-364
Check availability: HBZ Gateway
Keywords:

MARC

LEADER 00000caa a22000002c 4500
001 1634401174
003 DE-627
005 20220608100423.0
007 tu
008 131204s1977 xx ||||| 00| ||ger c
035 |a (DE-627)1634401174 
035 |a (DE-576)39829481X 
035 |a (DE-599)BSZ39829481X 
040 |a DE-627  |b ger  |c DE-627  |e rakwb 
041 |a ger 
100 1 |a Thamm, Bernd Georg  |4 aut 
245 1 0 |a Veränderungen in der Drogenszene  |b Rehabilitationsunwilligkeit und Therapieresistenz  |c Bernd Georg Thamm 
264 1 |c 1977 
336 |a Text  |b txt  |2 rdacontent 
337 |a ohne Hilfsmittel zu benutzen  |b n  |2 rdamedia 
338 |a Band  |b nc  |2 rdacarrier 
773 0 8 |i In  |t Jugendwohl  |d Freiburg, Br. : Lambertus-Verl., 1920  |g (1977), 10, Seite 361-364  |w (DE-627)129552402  |w (DE-600)219723-6  |w (DE-576)015007359  |x 0022-5975  |7 nnas 
773 1 8 |g year:1977  |g number:10  |g pages:361-364 
951 |a AR 
ELC |b 1 
LOK |0 000 xxxxxcx a22 zn 4500 
LOK |0 001 3289393224 
LOK |0 003 DE-627 
LOK |0 004 1634401174 
LOK |0 005 20141202094417 
LOK |0 008 131204||||||||||||||||ger||||||| 
LOK |0 040   |a DE-21-110  |c DE-627  |d DE-21-110 
LOK |0 689   |a s  |a Rehabilitation 
LOK |0 689   |a s  |a Drogenszene 
LOK |0 689   |a s  |a Therapieresistenz 
LOK |0 689   |a s  |a Therapie statt Strafe 
LOK |0 852   |z Kein Bestand am IfK; Nachweis für KrimDok 
LOK |0 852   |a DE-21-110 
LOK |0 852 1  |m v  |9 00 
LOK |0 935   |a k110 
LOK |0 938   |k v 
LOK |0 939   |a 04-12-13  |b l01 
ORI |a SA-MARC-krimdoka001.raw